Catálogo
 En Linea

Ínfimas apreciaciones literarias : (Registro nro. 48177)

Detalles MARC
000 -CABECERA
campo de control de longitud fija 01805nam a2200253 a 4500
001 - NÚMERO DE CONTROL
campo de control 000048689
005 - FECHA Y HORA DE LA ÚLTIMA TRANSACCIÓN
campo de control 20201002061331.0
008 - DATOS DE LONGITUD FIJA--INFORMACIÓN GENERAL
campo de control de longitud fija 190408s2016 dr 000 0 spa d
020 ## - NÚMERO INTERNACIONAL ESTÁNDAR DEL LIBRO
Número Internacional Estándar del Libro 9789945588675
040 ## - FUENTE DE LA CATALOGACIÓN
Centro catalogador/agencia de origen DO-SdBNP
Lengua de catalogación spa
Centro/agencia transcriptor BNPHU
082 ## - NÚMERO DE LA CLASIFICACIÓN DECIMAL DEWEY
Número de clasificación xxxx
Número de documento/Ítem M766i
100 1# - ENTRADA PRINCIPAL--NOMBRE DE PERSONA
Nombre de persona Montás, Keiselim A.,
Fechas asociadas al nombre 1968-
9 (RLIN) 37736
245 10 - MENCIÓN DE TÍTULO
Título Ínfimas apreciaciones literarias :
Resto del título (Desde Cervantes hasta Perlongher en vuelo de pájaro) /
Mención de responsabilidad, etc. Keiselim A. Montás.
260 ## - PUBLICACIÓN, DISTRIBUCIÓN, ETC.
Lugar de publicación, distribución, etc. Santo Domingo :
Nombre del editor, distribuidor, etc. Editora Nacional,
Fecha de publicación, distribución, etc. 2016.
300 ## - DESCRIPCIÓN FÍSICA
Extensión 108 p. ;
Dimensiones 24 cm.
490 1# - MENCIÓN DE SERIE
Mención de serie Ultramar
500 ## - NOTA GENERAL
Nota general Incluye datos biográficos del autor en la solapa de la cubierta
500 ## - NOTA GENERAL
Nota general Incluye referencias bibliográficas al final de los capítulos
500 ## - NOTA GENERAL
Nota general Incluye referencias bibliográficas y notas al pie de las páginas
505 0# - NOTA DE CONTENIDO CON FORMATO
Nota de contenido con formato La cordura de Don Quijote y su locura como artificio de héroe --
Título Lo fugaz de la vida: carpe diem y agonía de la vida en Quevedo, distancia y cercanía a Unamuno --
-- Precario bosquejo con pincel bajtiniano de Doña Perfecta, Misericordia y Cañas y barro --
-- Borges, el del espejo; el Otro --
-- Resumen crítico de La rebelión del hombre , ensayo de Ernesto Sábato --
-- La homosexualidad en Bienvenido, Bob: esperpento de una lectura alternativa --
-- La "espacialización" como técnica narrativa básica de Pedro Páramo: ¿cómo es y cómo figura en la relación texto/lector? --
-- Tres Tristes Tigeres: ensayo general: serio/no serio y ensayo específico: juegos de lenguaje --
-- Yo una mujer, Yo la Mujer: culinaria, literaria --
-- El manifiesto postmodernista en Usted también podrá disfrutar de ella --
-- Perlongher, el neobarroco y su factura poética --.
586 ## - NOTA DE PREMIOS
Nota de premios XI Premio de Ensayo Letras de Ultramar 2015.
590 ## - NOTA LOCAL (RLIN)
Nota local Inventariado, 2019/LP
830 #0 - PUNTO DE ACCESO ADICIONAL DE SERIE-TÍTULO UNIFORME
Título uniforme Ultramar
9 (RLIN) 1892
Existencias
Estado de retiro Estado de pérdida No para préstamo Código de colección Localización permanente Ubicación/localización actual Ubicación en estantería Fecha de adquisición Número de inventario Total de préstamos Signatura topográfica completa Código de barras Fecha visto por última vez Precio válido a partir de Tipo de ítem Koha
    Excluido de préstamo Patrimonio Dominicano Patrimonio Dominicano Patrimonio Dominicano Depósito 08.04.2019 LF1   xxxx M766i 48689-10 25.06.2020 25.06.2020 Libro y Folleto Colección Patrimonio Dominicano

Con tecnología Koha